000 01239nam a22003737a 4500
003 CHAP
005 20220329141742.0
008 971013s1993 r 00010 d
010 _a73340
011 _a74312
035 _a83871
040 _cCHAP
082 _a633
_bM39 v.22-29
110 _aMéxico. Dirección General de Política Agrícola
_977030
245 _aSistema producto limón
_b: datos básicos
260 _aMéxico , D. F. :
_bLa Dirección,
_c1993
300 _ac.a. 40 h.
501 _aEnc. con impresos similares
590 _aBATCH-UPD
_b10
_c20130110
_lUCH01
_h0216
590 _aBATCH-UPD
_b10
_c20130110
_lUCH01
_h1616
590 _aBATCH-UPD
_b10
_c20130409
_lUCH01
_h2235
590 _aBATCH-UPD
_b10
_c20130410
_lUCH01
_h1011
590 _aBATCH-UPD
_b10
_c20130914
_lUCH01
_h1725
590 _aCONVERSION
_b10
_c20130109
_lUCH01
_h1340
650 1 4 _aLimón
_xCostos de producción.
_966820
650 1 4 _aLimón
_xExportación.
_966829
650 1 4 _aLimón
_xImportación.
_966833
650 1 4 _aLimón
_xMercadeo.
_966838
650 1 4 _aLimón
_xNormas de calidad.
_966842
650 1 4 _aLimón
_xRendimiento.
_966848
901 _aBK
942 _cLIBRO
949 _a633 M39 v.22-29
_bBC
_cC
_d-38764
_eC
_h85110
_i83871
_si
999 _c73340
_d73340